Quizzes
Events
Quiz Creation
Community
Videos
Private Events
Remove Ads
Sign In
Join for FREE
Feedback
Dark Mode
Quiz Categories
Sports
Geography
Music
Movies
Television
Just For Fun
Miscellaneous
History
Literature
Language
Science
Gaming
Entertainment
Religion
Holiday
For Kids
Quiz Lab
Recent
Popular Today
Quiz Kudos Today
Editor Picks
Curator Picks
Quizzes by...
Day
Popularity
Type
Ratings
Length
Year
Community
Subscriptions
Recent Discussions
Orange Saloon
Badges
Playlists
Quests
Create
Leaderboards
Showdown
Live 5
Trivia Bingo
Activity
Puzzle Library
Sporcle Events
Private Events
Virtual Trivia
Globe League
Become a Host
Pub Owners
SporcleCon
Opinionation
Our Games
Videos
Blog
Mobile Apps
Partnerships
Remove Ads and Go Orange
Feedback
Geography
Country
Landmarks
City
State
Population
World
Capital
Continent
Flags
Europe
Africa
Asia
South America
North America
Oceania
Border
Canada
United Kingdom
Topography
United States
Geography
Country
Landmarks
City
State
Population
World
Capital
Continent
Flags
Europe
Africa
Asia
South America
North America
Oceania
Border
Canada
United Kingdom
Topography
United States
Random Quiz
Search Sporcle
×
Quiz Lab
Quiz Lab
Geography
Europe
Type in answers that appear in a list
Type in answers that appear in a list
Classic
Best Score? Go Orange.
Eastern europe nominal gdp Stats
Can you name the Eastern europe nominal gdp?
By
scootypoo12
4m
20 Questions
21 Plays
21 Plays
21 Plays
Comments
Comments
Give Quiz Kudos
Give Quiz Kudos
-
- Ratings
hide this ad
Forced Order
Answers have to be entered in order
Answers have to be entered in order
Replay
Link that replays current quiz
Next Quiz
Link to next quiz in quiz playlist
You Got
0%
They Got
Avg Score
82%
Avg Friend Score
Upgrade to see
Score Distribution
Jump to the score distribution portion of the page
Score
0/20
Timer
04:00
0
Plays Today
Country
gnp
% Correct
Slovenia
average
100%
Belarus
poor
100%
Bosina-
Herzegovina
poor
95.2%
Estonia
average
95.2%
Latvia
average
95.2%
Albania
poor
81%
Macedonia
poor
81%
Ukraine
poor
81%
Moldova
very poor
81%
Turkmenistan
poor
81%
Country
gnp
% Correct
Georgia
poor
81%
Kosovo
poor
81%
Armenia
poor
81%
Kazakhstan
average
81%
Uzbekistan
very poor
81%
Kyrgyzstan
very poor
81%
Tajikistan
very poor
81%
Azerbaijan
average
76.2%
Lithuania
good
57.1%
Montenegro
good
57.1%
Quiz Playlist
Details
Report
Send in Message
Add To Playlist
Classic:
Type in answers that appear in a list
Forced Order:
Answers have to be entered in order
Last Updated: Feb 16, 2017
Quiz Scoreboard
CHALLENGE
Sign Up to Join the Scoreboard
Show All
Scores
Hide
Comments
May contain spoilers
Recently Published
Pick 6: Fruits
by JohnFran
Miscellaneous
15s
Click the 1999 NBA Draft
by nibperrychub
Sports
2m
Alphabetical 'K' Countries by Flag Minefield
by ylime102
Geography
3m
More to Explore
Quiz From the Vault
Featured Blog Post
15 Basketball Trivia Facts You Can Be March Mad About
hide this ad
You Might Also Like...
Tags
Country Quiz
Europe Quiz
Eastern
gdp
nominal
poor
Today's Top Quizzes in Geography
Browse Geography
hide this ad
Today's Top Quizzes in Europe
Browse Europe
Top Contributed Quizzes in Geography
1
Countries of the World - No Outlines Minefield
2
Alphabetical 'L' Countries By Flag Minefield
3
Pick 6: Mountains
4
Pick 6: US States
5
Complete the Map Snippet (Minefield) IX
6
Pick 6: National Parks
7
Find the Landmarks A-Z
8
Erase Asia (No Outlines or Skips)
9
Least Populated Answer: 'G' Countries
10
Complete the Map Snippet (Minefield) XIV
Explore More
Trending Topics
Harry Potter
NBA
Kpop
Anime
Disney
Marvel
Crossword
Pokémon
Country
WWE
Song
NFL
Puzzle
The Office
Soccer
hide this ad
More By:
scootypoo12
Quiz
Plays
Rating
Category
Featured
Created
Eastern Europe Dictators
203
1.75
Geography
Dec 12, 2010
Eastern Europe Conflicts
120
1.00
Geography
Dec 12, 2010
eastern europe politics
103
1.14
Geography
Dec 12, 2010
Eastern Europe country leaders
37
1.50
Miscellaneous
Dec 12, 2010
Eastern europe nominal gdp
21
1.00
Geography
Dec 12, 2010
Go to Creator's Profile
Score Distribution
Quiz Creator Spotlight
scootypoo12
Follow
Send a Message
Quizzes Created
-
Created Quiz Play Count
-
More By This Creator
Popular Quizzes Today
1
Find the US States - No Outlines Minefield
2
Countries of Asia Without Outlines Minefield
3
Pick 6: Fruits
4
The Countries of the World
5
Alphabetical 'K' Countries by Flag Minefield
6
Find the US States
7
Match the Book to the Film X
8
Click the 1999 NBA Draft
More Geography Quizzes
Cruisin' through the World
Editor's Pick
Trending Quizzes
Pick 6: Harry Potter
Pick 6: Mountains
Pick 6: NFL Teams
Pick 6: Movie Franchises
Pick 6: Golfers
Recently Updated
Women's Final Four Teams by Year
bhenderson79
Presidents Quartet II
eogle
Anything But Clue(do)
eogle
Anything But Oceanian Capitals
eogle
Anything But 7
eogle
Anything But Thing
eogle
Word Ladder: February 29
pecheneg
Song Title Questions
pecheneg
Women's NCAA Tournament #1 Seeds
pecheneg
Celebrity Mug Shots
pecheneg
Trending Topics
Disney
Harry Potter
NBA
Crossword
Anime
Marvel
Kpop
The Office
Song
Soccer
Puzzle
Pokémon
NFL
WWE
Country
Your Account Isn't Verified!
In order to create a playlist on Sporcle, you need to verify the email address you used during registration. Go to your
Sporcle Settings
to finish the process.
Report this User
Report this user for behavior that violates our
Community Guidelines
.
Details:
Send Report
Go to the Sporcle.com Mobile Site →
Comments